LEADER 01250nam a2200277 u 4500 001 000000070178 003 CaOOAMICUS 005 20070226122007.0 008 020430s1980 ilu u000 u eng u 020 $a0936078022 035 $a10928217 040 $aPUL(R)$bita 100 1 $aSpae, Joseph John.$0(OLS)http://pul/name/46678 245 10$aBuddhist-Christian empaty /$cby Joseph J. Spae. 260 $aChicago :$bThe Chicago Institute of Theology and Culture ;$aTokyo :$bOriens Institute for Religious Research,$c1980. 300 $a269 p. ;$c25 cm 500 $aContiene indici. 504 $aBibliografia in appendice. 650 4$aCristianesimo e altre religioni$xBuddismo.$0(OLS)http://pul/subject/7175 850 $aPUL 852 $aPUL$W1$xDP1 Cons. Gen., Altre Classi 1$y22$m780 H 18$j90818$nBK-PRI$b $qStampati$B90818$CPULBib$Z2$F90818 $H66960 $81 941 1 $a8 996 $6020$a0936078022$9(OLS)http://pul/number/90819 996 $6245$aBuddhist-Christian empaty$9(OLS)http://pul/title/92566 996 $6260$aChicago :$bThe Chicago Institute of Theology and Culture$9(OLS)http://pul/publisher/72947 996 $6260$aTokyo :$bOriens Institute for Religious Research$9(OLS)http://pul/publisher/72948 LEADER 01653nam a2200301 a 4500 001 000000136127 003 CaOOAMICUS 005 20131113093518.0 008 131113s2013 it 100 u ita r 020 $a978-88-7105-327-1 040 $aPUL$bita 110 2 $aAssociazione canonistica italiana.$bIncontro di studio$n(39 :$d2012 :$cBorca di Cadore, Belluno).$0(OLS)http://pul/name/87633 245 13$aIl diritto della Chiesa tra universale e particolare :$bXXXIX Incontro di Studio Centro Turistico Pio X - Borca di Cadore (BL), 2-6 luglio 2012 /$ca cura del Gruppo italiano docenti di diritto canonico, Associazione canonistica italiana. 260 $aMilano :$bGlossa,$cİ2013. 300 $a281 p. ;$c24 cm 490 1 $aQuaderni della Mendola ;$v21 504 $aContiene riferimenti bibliografici. 650 04$aDiritto canonico$xCongressi.$0(OLS)http://pul/subject/2389 710 2 $aGruppo italiano di docenti di Diritto Canonico.$0(OLS)http://pul/name/64956 830 0$aQuaderni della Mendola ;$v21.$0(OLS)http://pul/title/49419 850 $aPUL 852 $aPUL$W1$xSL Diritto Canonico 3$y77$m262. 99 CAN.7 2.21$j156895$qDDC 21$B156301$CPULBib$Z2$F156301 $H123176 $82 910 $aGIDDC (Gruppo italiano di docenti di Diritto Canonico)$964956 941 1 $a9 996 $6020$a978-88-7105-327-1$9(OLS)http://pul/number/153882 996 $6245$aIl diritto della Chiesa tra universale e particolare :$bXXXIX Incontro di Studio Centro Turistico Pio X - Borca di Cadore (BL), 2-6 luglio 2012$9(OLS)http://pul/title/172136 996 $6260$aMilano :$bGlossa$9(OLS)http://pul/publisher/53656